00476nam a2200193 a 4500001001300000003000900013005001700022008004100039020001000080082001500090100001500105245002300120260003500143300000900178500003500187505002400222650002100246700001500267nice12345678IN_TiNIC20260116011807.0050524s1976 tria grp 000 0 eng  ac10000a281.8bAPR aAprem, Mar aNestorian Missions aTrichurbMar Nasai Pressc1976 a129p aincludes index and biblioraphy2 aBibliography, Index aNestorian Church1 aAprem, Mar